<The> Revaluation of assets and liabilities at the fair value in amalgamation into a separate accounting entity

Splynutie spoločností: schéma, účinky splynutia. Účtovné hľadisko splynutia spoločností. Precenenie majetku a záväzkov na reálnu hodnotu. Typy metód ocenenia majetku súdnym znalcom. Zostavenie účtovnej závierky.

Salvato in:
Dettagli Bibliografici
Autore principale: Ondrušová, Lucia, 1981-
Altri autori: Máziková, Katarína
Natura: Capitolo di libro
Lingua:slovacco
Soggetti:
Tags: Aggiungi Tag
Nessun Tag, puoi essere il primo ad aggiungerne!!

MARC

LEADER 00000nla a2200000 4500
001 0227792
005 20240502083613.7
041 0 |a slo 
044 |a CZ 
245 1 0 |a <The> Revaluation of assets and liabilities at the fair value in amalgamation into a separate accounting entity  |c Lucia Ondrušová, Katarína Máziková 
520 |a Splynutie spoločností: schéma, účinky splynutia. Účtovné hľadisko splynutia spoločností. Precenenie majetku a záväzkov na reálnu hodnotu. Typy metód ocenenia majetku súdnym znalcom. Zostavenie účtovnej závierky. 
610 2 0 |a spoločnosti obchodné 
610 2 0 |a zlučovanie podnikov 
610 2 0 |a závierka účtovná 
610 2 0 |a záväzky 
100 1 |a Ondrušová, Lucia, 1981- 
700 1 |a Máziková, Katarína